| 000 | 00362nam a2200157 4500 | ||
|---|---|---|---|
| 005 | 20260220100651.0 | ||
| 008 | cuc123 | ||
| 020 | _a9781844801435 | ||
| 050 |
_aHF 5657.4 DRU _b1 |
||
| 100 | _aDURUY COLIN | ||
| 245 | _aMANAGEMENT AND COST ACCOUNTING | ||
| 260 |
_aLONDON _bBOOKPOWER _c2004c |
||
| 300 | _axxxii,1280p | ||
| 500 | _aindex,tab. | ||
| 942 |
_2lcc _cBK _n0 |
||
| 999 |
_c8791 _d8791 |
||